[Event "Medjimurske Team Cup"]
[Site "Nedelisce"]
[Date "2018.03.11"]
[Round "5.6"]
[White "Trstenjak, Darko"]
[Black "Maltar, Alberto"]
[Result "0-1"]
[WhiteElo "1656"]
[BlackElo "1986"]
[PlyCount "70"]
[EventDate "2018.02.11"]
[EventType "team-swiss"]
[EventRounds "6"]
[EventCountry "CRO"]
[SourceTitle "CBM 183 Extra"]
[Source "ChessBase"]
[SourceDate "2018.04.19"]
[SourceVersion "1"]
[SourceVersionDate "2018.04.19"]
[SourceQuality "1"]

1. e4 c5 2. Nf3 a6 3. b3 d6 4. Bb2 Nf6 5. d3 g6 6. Nbd2 Bg7 7. Rb1 0-0 8. Be2 Nc6 9. 0-0 e5 10. h3 Nh5 11. Nh2 Nf4 12. Bg4 f5 13. exf5 gxf5 14. Bf3 d5 15. g3 Nxh3+ 16. Kg2 Ng5 17. Rh1 e4 18. dxe4 fxe4 19. Bg4 Bxb2 20. Bxc8 Rxc8 21. Rxb2 Qf6 22. Ng4 Qxb2 23. Nc4 Qd4 24. Qxd4 Nxd4 25. Nb6 Rcd8 26. Ne3 Rd6 27. Nbxd5 Nxc2 28. Ne7+ Kf7 29. N7f5 Nxe3+ 30. Nxe3 Rd2 31. a4 Kg6 32. Rf1 Rb2 33. g4 Rxb3 34. Nf5 Rxf5 35. gxf5+ Kxf5 0-1

[Event "Varazdinske Toplice rapid op"]
[Site "Varazdinske Toplice"]
[Date "2017.12.26"]
[Round "1"]
[White "Maltar, Alberto"]
[Black "Krizanic, Petar"]
[Result "1-0"]
[WhiteElo "2016"]
[BlackElo "1596"]
[PlyCount "47"]
[EventDate "2017.12.26"]
[EventType "swiss (rapid)"]
[EventRounds "9"]
[EventCountry "CRO"]
[SourceTitle "EXT 2019"]
[Source "ChessBase"]
[SourceDate "2018.10.10"]
[SourceVersion "1"]
[SourceVersionDate "2018.10.10"]
[SourceQuality "1"]

1. Nf3 d5 2. c4 e6 3. d4 Bb4+ 4. Nbd2 dxc4 5. Qa4+ Nc6 6. a3 Bxd2+ 7. Bxd2 Bd7 8. Qxc4 Nf6 9. b4 b5 10. Qc2 0-0 11. e3 Ne7 12. Rc1 Rc8 13. Ne5 Ned5 14. Bd3 Re8 15. g4 h6 16. h4 a6 17. g5 hxg5 18. hxg5 Ne4 19. Bxe4 Qxg5 20. Nxd7 Rcd8 21. Bh7+ Kh8 22. Bg8+ Qh6 23. Rxh6+ gxh6 24. Qh7# 1-0

[Event "Varazdinske Toplice rapid op"]
[Site "Varazdinske Toplice"]
[Date "2017.12.26"]
[Round "2"]
[White "Matkun, Zeljko"]
[Black "Maltar, Alberto"]
[Result "0-1"]
[WhiteElo "1854"]
[BlackElo "2016"]
[PlyCount "88"]
[EventDate "2017.12.26"]
[EventType "swiss (rapid)"]
[EventRounds "9"]
[EventCountry "CRO"]
[SourceTitle "EXT 2019"]
[Source "ChessBase"]
[SourceDate "2018.10.10"]
[SourceVersion "1"]
[SourceVersionDate "2018.10.10"]
[SourceQuality "1"]

1. e4 c5 2. Nf3 a6 3. d4 cxd4 4. Nxd4 e5 5. Nf3 Nf6 6. Nc3 Bb4 7. Bd3 d5 8. Bg5 dxe4 9. Bxe4 Qxd1+ 10. Rxd1 Bxc3+ 11. bxc3 Nc6 12. Bxc6+ bxc6 13. Nxe5 Bb7 14. 0-0 Ne4 15. Bh4 0-0 16. Rb1 Ra7 17. Nc4 Nxc3 18. Rb3 Ne2+ 19. Kh1 Nd4 20. Rb2 c5 21. Be7 Rc8 22. Nd6 Rc7 23. Nxb7 Raxb7 24. Rxb7 Rxb7 25. Bxc5 Ne6 26. Ba3 Rc7 27. Rc1 Rc4 28. Rb1 h5 29. Rb2 Nd4 30. g3 Nxc2 31. Be7 Nd4 32. Kg2 Nc6 33. Bd6 a5 34. a3 h4 35. f4 hxg3 36. hxg3 g6 37. Bc7 f5 38. Bd6 Kf7 39. Rb7+ Ke6 40. Bf8 Rc2+ 41. Kh3 g5 42. fxg5 Ne5 43. Rb5 Ng4 44. Rxf5 Kxf5 0-1

[Event "CRO-chT3 Centar-B"]
[Site "Croatia"]
[Date "2017.04.09"]
[Round "2.2"]
[White "Spiranec, Noemi"]
[Black "Maltar, Alberto"]
[Result "1/2-1/2"]
[WhiteElo "2024"]
[BlackElo "2041"]
[PlyCount "116"]
[EventDate "2017.04.02"]
[EventType "team-tourn"]
[EventRounds "9"]
[EventCountry "CRO"]
[SourceTitle "EXT 2019"]
[Source "ChessBase"]
[SourceDate "2018.10.10"]
[SourceVersion "1"]
[SourceVersionDate "2018.10.10"]
[SourceQuality "1"]

1. e4 Nf6 2. e5 Nd5 3. Nc3 Nxc3 4. bxc3 d6 5. f4 c5 6. d4 dxe5 7. fxe5 Nc6 8. Nf3 Bg4 9. Be2 e6 10. 0-0 cxd4 11. cxd4 Bxf3 12. Bxf3 Qxd4+ 13. Qxd4 Nxd4 14. Bxb7 Rb8 15. Be4 Bc5 16. Kh1 0-0 17. Be3 Nb3 18. axb3 Bxe3 19. Bd3 Bd4 20. Ra4 Rfd8 21. Rf4 Bxe5 22. Rfe4 Bc3 23. Rxa7 Bd4 24. Rc7 Bb6 25. Rc6 Bd4 26. g3 g6 27. Kg2 Bg7 28. Ra4 Rd7 29. Kf3 Kf8 30. Ke2 e5 31. Rh4 h5 32. Ra4 Bh6 33. b4 e4 34. Bxe4 Rd4 35. Bd3 Rdxb4 36. Ra7 R4b7 37. Rc7 Re8+ 38. Kf3 Rxa7 39. Rxa7 Re3+ 40. Kf2 Re8 41. Ra6 Be3+ 42. Kg2 Bd4 43. Rd6 Be5 44. Rd5 Bf6 45. Kf3 h4 46. g4 g5 47. Rf5 Be7 48. c4 f6 49. Rd5 Rd8 50. Ke4 Ke8 51. c5 Rxd5 52. Kxd5 Kd7 53. Bb5+ Kc7 54. h3 Bf8 55. Ba4 Be7 56. Bc2 Bf8 57. Bf5 Be7 58. c6 Bd6 1/2-1/2

[Event "CRO-chT3B Center North"]
[Site "Croatia"]
[Date "2016.10.16"]
[Round "7.3"]
[White "Maltar, Alberto"]
[Black "Nagrajsalovic, Miroslav"]
[Result "0-1"]
[WhiteElo "2045"]
[BlackElo "2196"]
[PlyCount "120"]
[EventDate "2016.04.03"]
[EventType "team-tourn"]
[EventRounds "9"]
[EventCountry "CRO"]
[SourceTitle "EXT 2019"]
[Source "ChessBase"]
[SourceDate "2018.10.10"]
[SourceVersion "1"]
[SourceVersionDate "2018.10.10"]
[SourceQuality "1"]

1. d4 Nf6 2. c4 g6 3. Nc3 Bg7 4. e4 d6 5. f3 0-0 6. Be3 e5 7. dxe5 dxe5 8. Qxd8 Rxd8 9. Nb5 Na6 10. a3 c6 11. Nxa7 Be6 12. b4 c5 13. b5 Rxa7 14. bxa6 Rxa6 15. Bxc5 Rc6 16. Bb4 Nd7 17. Rd1 Rdc8 18. Nh3 Bh6 19. Kf2 f5 20. exf5 gxf5 21. Be2 e4 22. f4 Nf6 23. c5 b6 24. Ba6 Ng4+ 25. Ke2 bxc5 26. Bxc8 Bxc8 27. Rd8+ Kf7 28. Bc3 Ba6+ 29. Kd2 e3+ 30. Kc2 Nf2 31. Re1 Nxh3 32. Rxe3 Nxf4 33. Rd7+ Kg6 34. Rg3+ Kh5 35. Rxh7 Rg6 36. Bd2 Rxg3 37. hxg3 Kg6 38. Rd7 Ne6 39. Bxh6 Kxh6 40. Rd6 Bc4 41. Kc3 Ba2 42. a4 Kg5 43. a5 Nd4 44. Rd7 Be6 45. Rg7+ Kf6 46. Rh7 Nb5+ 47. Kd2 Ke5 48. a6 Bd5 49. Rb7 Bc6 50. Rh7 c4 51. Rh4 c3+ 52. Kc1 Be4 53. Rh8 Kd4 54. Rb8 Kc5 55. g4 fxg4 56. Rg8 Nd4 57. Rxg4 Nb3+ 58. Kd1 c2+ 59. Ke2 c1Q 60. Rxe4 Nd4+ 0-1

[Event "Ptuj op"]
[Site "Ptuj"]
[Date "2014.08.17"]
[Round "4"]
[White "Janzelj, Tim"]
[Black "Maltar, Alberto"]
[Result "1-0"]
[WhiteElo "2316"]
[BlackElo "2102"]
[PlyCount "119"]
[EventDate "2014.08.15"]
[EventType "swiss"]
[EventRounds "9"]
[EventCountry "SLO"]
[SourceTitle "CBM 161 Extra"]
[Source "ChessBase"]
[SourceDate "2014.08.29"]
[SourceVersion "1"]
[SourceVersionDate "2014.08.29"]
[SourceQuality "1"]

1. e4 d5 2. exd5 Nf6 3. d4 Nxd5 4. c4 Nf6 5. Nc3 e6 6. Nf3 Be7 7. Be2 0-0 8. 0-0 b6 9. Ne5 Bb7 10. Bf3 Bxf3 11. Qxf3 Qxd4 12. Qxa8 Qxe5 13. Qf3 Bd6 14. g3 Nbd7 15. Be3 Qa5 16. Ne4 Nxe4 17. Qxe4 Nf6 18. Qf3 Be5 19. Qe2 h5 20. a3 Bd6 21. c5 bxc5 22. Rac1 g6 23. Rfd1 Rb8 24. Rc2 Nd7 25. Bd2 Qa4 26. Bc3 e5 27. Rcd2 Rb6 28. f4 f6 29. fxe5 Nxe5 30. Bxe5 fxe5 31. Qf3 e4 32. Qf6 Qe8 33. Re2 e3 34. Qf3 Rb3 35. Rde1 c4 36. Rxe3 Rxe3 37. Rxe3 Qb5 38. Re2 c3 39. bxc3 Bxa3 40. c4 Bc5+ 41. Kg2 Qxc4 42. Re8+ Kg7 43. Kh3 a5 44. Re4 Qb5 45. Qc3+ Kh7 46. Qf6 Qd7+ 47. Kh4 a4 48. Re6 Qd4+ 49. Qxd4 Bxd4 50. Kg5 a3 51. Ra6 Be3+ 52. Kf6 Bd4+ 53. Kf7 Bb2 54. h3 c5 55. g4 hxg4 56. hxg4 g5 57. Re6 c4 58. Re3 Bg7 59. Rh3+ Bh6 60. Rxa3 1-0

[Event "Ptuj op"]
[Site "Ptuj"]
[Date "2014.08.16"]
[Round "2"]
[White "Janzekovic, Klemen Tilen"]
[Black "Maltar, Alberto"]
[Result "0-1"]
[WhiteElo "1864"]
[BlackElo "2102"]
[PlyCount "78"]
[EventDate "2014.08.15"]
[EventType "swiss"]
[EventRounds "9"]
[EventCountry "SLO"]
[SourceTitle "CBM 161 Extra"]
[Source "ChessBase"]
[SourceDate "2014.08.29"]
[SourceVersion "1"]
[SourceVersionDate "2014.08.29"]
[SourceQuality "1"]

1. e4 c5 2. Nf3 a6 3. c4 Nc6 4. d4 cxd4 5. Nxd4 d6 6. Nc3 Nf6 7. h3 Nxd4 8. Qxd4 g6 9. Bg5 Bg7 10. Nd5 0-0 11. Bxf6 exf6 12. Qb6 f5 13. Qxd8 Rxd8 14. exf5 Bxb2 15. Rb1 Bd4 16. fxg6 hxg6 17. Ne7+ Kf8 18. Nxc8 Raxc8 19. Rxb7 Rb8 20. Rxb8 Rxb8 21. Bd3 Rb2 22. 0-0 Rxa2 23. Kh2 a5 24. Rb1 Rxf2 25. Rc1 a4 26. Rc2 a3 27. Rxf2 Bxf2 28. Bb1 Ke7 29. g4 Kd7 30. Kg2 Bh4 31. Kf3 Kc6 32. Ke4 Kc5 33. Kd3 Kb4 34. Ba2 f5 35. gxf5 gxf5 36. Kd4 Bg3 37. Kd5 Kc3 38. c5 dxc5 39. Kxc5 f4 0-1

[Event "Medimurska CupT"]
[Site "Croatia"]
[Date "2014.03.08"]
[Round "5.3"]
[White "Bozic, Miljenko"]
[Black "Maltar, Alberto"]
[Result "1/2-1/2"]
[WhiteElo "1969"]
[BlackElo "2129"]
[PlyCount "65"]
[EventDate "2014.02.08"]
[EventType "team-swiss"]
[EventRounds "6"]
[EventCountry "CRO"]
[SourceTitle "EXT 2023"]
[Source "ChessBase"]
[SourceDate "2022.10.05"]
[SourceVersion "1"]
[SourceVersionDate "2022.10.05"]
[SourceQuality "1"]

1. e4 c5 2. Nf3 a6 3. d4 cxd4 4. Nxd4 e5 5. Nf3 Nf6 6. Bd3 d5 7. Qe2 dxe4 8. Bxe4 Nxe4 9. Qxe4 Bd6 10. Nc3 0-0 11. Be3 Nc6 12. 0-0-0 Qf6 13. Nd5 Qf5 14. Qxf5 Bxf5 15. Nf6+ gxf6 16. Rxd6 Kg7 17. Nh4 Be6 18. g4 Rfd8 19. Rxd8 Rxd8 20. a3 Kf8 21. h3 Nd4 22. b3 Rc8 23. Bxd4 exd4 24. Kb2 Rc3 25. f3 Rc5 26. Rd1 Rd5 27. Ng2 Ke7 28. Nf4 Rd6 29. Ne2 d3 30. Rxd3 Rxd3 31. cxd3 Bd5 32. Nd4 Kd6 33. f4 1/2-1/2

[Event "CRO-chT3B Center North"]
[Site "Croatia"]
[Date "2013.10.13"]
[Round "7.4"]
[White "Hajec, Bozidar"]
[Black "Maltar, Alberto"]
[Result "0-1"]
[WhiteElo "1772"]
[BlackElo "2113"]
[PlyCount "70"]
[EventDate "2013.04.14"]
[EventType "team-tourn"]
[EventRounds "9"]
[EventCountry "CRO"]
[SourceTitle "EXT 2019"]
[Source "ChessBase"]
[SourceDate "2018.10.10"]
[SourceVersion "1"]
[SourceVersionDate "2018.10.10"]
[SourceQuality "1"]

1. e4 c5 2. Nf3 a6 3. d4 cxd4 4. Nxd4 e5 5. Nb3 Nf6 6. Bg5 h6 7. Bxf6 Qxf6 8. g3 Nc6 9. c3 d6 10. Bg2 Be6 11. 0-0 0-0-0 12. Qe2 h5 13. N3d2 h4 14. b4 hxg3 15. fxg3 Qh6 16. Bf3 Kb8 17. Rf2 Be7 18. b5 axb5 19. Qxb5 Qe3 20. Qe2 Qa7 21. a4 d5 22. exd5 Bxd5 23. Kg2 f6 24. Rf1 Be6 25. g4 Rh4 26. h3 Rdh8 27. Rh1 Nd8 28. c4 Nf7 29. Nc3 Ng5 30. Nb5 Qa6 31. Kg3 Rxh3+ 32. Kg2 Rxh1 33. Rxh1 Rxh1 34. Kxh1 Nxf3 35. Qxf3 Qxa4 0-1

[Event "Podturen Mavrin Memorial"]
[Site "Podturen"]
[Date "2013.01.05"]
[Round "5"]
[White "Gakic, Miodrag"]
[Black "Maltar, Alberto"]
[Result "1/2-1/2"]
[WhiteElo "1957"]
[BlackElo "2142"]
[PlyCount "55"]
[EventDate "2013.01.03"]
[EventType "swiss"]
[EventRounds "7"]
[EventCountry "CRO"]
[SourceTitle "CBM 152 Extra"]
[Source "ChessBase"]
[SourceDate "2013.02.25"]
[SourceVersion "1"]
[SourceVersionDate "2013.02.25"]
[SourceQuality "1"]

1. e4 e6 2. d4 d5 3. exd5 exd5 4. Nf3 Nf6 5. Bd3 Bd6 6. 0-0 0-0 7. Bg5 h6 8. Bh4 Bg4 9. Nbd2 Nbd7 10. c3 c6 11. Qc2 Re8 12. Rfe1 Qc7 13. Bf5 Bxf5 14. Qxf5 g6 15. Qd3 Kg7 16. Bg3 Bxg3 17. hxg3 Ng4 18. Rxe8 Rxe8 19. Re1 Qd8 20. Qb1 f5 21. Rxe8 Qxe8 22. Qe1 Kf7 23. Qxe8+ Kxe8 24. Kf1 Ke7 25. Ke2 g5 26. Ne1 Ngf6 27. f3 Nh5 28. Kf2 1/2-1/2

[Event "Podturen Mavrin Memorial"]
[Site "Podturen"]
[Date "2013.01.05"]
[Round "4"]
[White "Maltar, Alberto"]
[Black "Novak, Vjekoslav"]
[Result "1-0"]
[WhiteElo "2142"]
[BlackElo "1786"]
[PlyCount "65"]
[EventDate "2013.01.03"]
[EventType "swiss"]
[EventRounds "7"]
[EventCountry "CRO"]
[SourceTitle "CBM 152 Extra"]
[Source "ChessBase"]
[SourceDate "2013.02.25"]
[SourceVersion "1"]
[SourceVersionDate "2013.02.25"]
[SourceQuality "1"]

1. Nf3 b6 2. g3 Bb7 3. Bg2 Nf6 4. 0-0 c5 5. e3 e6 6. d4 d5 7. b3 Bd6 8. Ne5 Nbd7 9. Bb2 h5 10. f4 Bxe5 11. dxe5 Ng4 12. Re1 g6 13. c4 Nb8 14. Nc3 Na6 15. cxd5 Nb4 16. h3 Nh6 17. dxe6 Bxg2 18. exf7+ Kxf7 19. Kxg2 Nf5 20. Ne4 Re8 21. Nd6+ Nxd6 22. exd6 Qd7 23. a3 Qc6+ 24. Kf2 Nd5 25. e4 Nf6 26. Bxf6 Kxf6 27. e5+ Ke6 28. Qf3 Qxf3+ 29. Kxf3 Rad8 30. Rad1 Rd7 31. g4 h4 32. Ke4 Rg8 33. f5+ 1-0

[Event "CRO-chT3B Center North"]
[Site "Croatia"]
[Date "2012.10.27"]
[Round "9.51"]
[White "Resman, Branko"]
[Black "Maltar, Alberto"]
[Result "0-1"]
[WhiteElo "2013"]
[BlackElo "2130"]
[PlyCount "86"]
[EventDate "2012.04.14"]
[EventType "team-tourn"]
[EventRounds "9"]
[EventCountry "CRO"]
[SourceTitle "EXT 2013"]
[Source "ChessBase"]
[SourceDate "2012.11.22"]
[SourceVersion "1"]
[SourceVersionDate "2012.11.22"]
[SourceQuality "1"]

1. e4 c5 2. Nc3 Nc6 3. Bb5 Nd4 4. Bc4 a6 5. d3 e6 6. Nf3 b5 7. Bb3 Nxb3 8. axb3 Bb7 9. Be3 Nf6 10. 0-0 Be7 11. Bg5 h6 12. Bh4 g5 13. Bg3 d5 14. exd5 Nxd5 15. Nd2 0-0 16. Re1 Nxc3 17. bxc3 Qd5 18. f3 Bf6 19. Ne4 Bg7 20. Bf2 c4 21. bxc4 bxc4 22. d4 Rfc8 23. Nc5 Rxc5 24. dxc5 Bxc3 25. Qe2 Bxa1 26. Rxa1 g4 27. Be3 gxf3 28. Qxf3 Qxf3 29. gxf3 Bxf3 30. Bxh6 a5 31. Kf2 Be4 32. Ra2 a4 33. Ke3 f5 34. Kd4 Kf7 35. c3 Rd8+ 36. Ke5 Rd5+ 37. Kf4 Kg6 38. Bf8 e5+ 39. Ke3 Rd3+ 40. Kf2 Rxc3 41. Rxa4 Rc2+ 42. Ke3 Rxh2 43. c6 Bxc6 0-1

[Event "Ptuj op 6th"]
[Site "Ptuj"]
[Date "2011.08.14"]
[Round "4"]
[White "Maltar, Alberto"]
[Black "Laposi, Andrej"]
[Result "1-0"]
[WhiteElo "2149"]
[BlackElo "1774"]
[PlyCount "79"]
[EventDate "2011.08.12"]
[EventType "swiss"]
[EventRounds "9"]
[EventCountry "SLO"]
[SourceTitle "CBM 143 Extra"]
[Source "ChessBase"]
[SourceDate "2011.08.29"]
[SourceVersion "1"]
[SourceVersionDate "2011.08.29"]
[SourceQuality "1"]

1. Nf3 d5 2. c4 c6 3. d4 Nf6 4. Nc3 dxc4 5. a4 Bf5 6. e3 e6 7. Bxc4 Bd6 8. 0-0 Nbd7 9. a5 0-0 10. Re1 e5 11. e4 Bg4 12. d5 cxd5 13. Bxd5 Nxd5 14. Qxd5 Bxf3 15. Qxd6 Bg4 16. Be3 Qf6 17. Qxf6 Nxf6 18. f3 Be6 19. Nb5 a6 20. Nc7 Rac8 21. Nxe6 fxe6 22. Rac1 Kf7 23. Kf2 Nd7 24. Red1 Ke7 25. Bg5+ Nf6 26. Ke2 h6 27. Bd2 Kf7 28. Bb4 Rfd8 29. Bc3 Nd7 30. Rd6 Rc6 31. Rd2 Ke8 32. Rcd1 Rcc8 33. Rd6 Nf8 34. Rxd8+ Rxd8 35. Rxd8+ Kxd8 36. Bxe5 g6 37. Bg7 Nd7 38. Bxh6 Nc5 39. b4 Nb3 40. Kd3 1-0

[Event "Ptuj op 6th"]
[Site "Ptuj"]
[Date "2011.08.14"]
[Round "3"]
[White "Skuhala, Barbara"]
[Black "Maltar, Alberto"]
[Result "0-1"]
[WhiteElo "1642"]
[BlackElo "2149"]
[PlyCount "44"]
[EventDate "2011.08.12"]
[EventType "swiss"]
[EventRounds "9"]
[EventCountry "SLO"]
[SourceTitle "CBM 143 Extra"]
[Source "ChessBase"]
[SourceDate "2011.08.29"]
[SourceVersion "1"]
[SourceVersionDate "2011.08.29"]
[SourceQuality "1"]

1. e4 c5 2. Nf3 e6 3. d4 cxd4 4. Nxd4 Nf6 5. f3 Nc6 6. Nc3 d5 7. Be3 Bb4 8. Bb5 Bd7 9. 0-0 Bxc3 10. bxc3 dxe4 11. fxe4 Nxe4 12. Qf3 f5 13. Rad1 Qe7 14. Ba4 0-0 15. Bb3 Kh8 16. Rfe1 Nxc3 17. Bg5 Qc5 18. Be3 Nxd1 19. Nxe6 Qc3 20. Rxd1 Bxe6 21. Bxe6 Rae8 22. Rd6 Qe1+ 0-1

[Event "Ptuj op 6th"]
[Site "Ptuj"]
[Date "2011.08.13"]
[Round "2"]
[White "Maltar, Alberto"]
[Black "Skuhala, Luka"]
[Result "1/2-1/2"]
[WhiteElo "2149"]
[BlackElo "1803"]
[PlyCount "103"]
[EventDate "2011.08.12"]
[EventType "swiss"]
[EventRounds "9"]
[EventCountry "SLO"]
[SourceTitle "CBM 143 Extra"]
[Source "ChessBase"]
[SourceDate "2011.08.29"]
[SourceVersion "1"]
[SourceVersionDate "2011.08.29"]
[SourceQuality "1"]

1. Nf3 d5 2. c4 Nf6 3. cxd5 Nxd5 4. e4 Nf6 5. Nc3 e6 6. d4 c6 7. Bd3 Be7 8. 0-0 0-0 9. Qc2 h6 10. Be3 Nbd7 11. Rad1 Qa5 12. Qe2 Qh5 13. h3 Rd8 14. e5 Nd5 15. Kh2 f5 16. exf6 Bd6+ 17. Kg1 N7xf6 18. Ne4 Bc7 19. Nxf6+ Nxf6 20. Qc2 Kf7 21. Ne5+ Bxe5 22. dxe5 Nd5 23. Rfe1 Bd7 24. Bc5 Be8 25. f4 Kg8 26. Qf2 Bg6 27. Be2 Qf5 28. Rf1 Qc2 29. Bg4 Qxf2+ 30. Rxf2 Re8 31. Be2 b6 32. Bd6 a6 33. Rc1 c5 34. g4 Bf7 35. Bc4 Ne3 36. Be2 Rec8 37. Bf3 Ra7 38. b4 c4 39. Re2 Nd5 40. Bxd5 exd5 41. e6 Be8 42. Be5 a5 43. a3 axb4 44. axb4 b5 45. f5 Ra3 46. h4 Rb3 47. g5 Bh5 48. Ree1 Re8 49. Bc3 Bg4 50. Re5 hxg5 51. hxg5 g6 52. Rxd5 1/2-1/2